| 000 | 00523nam a22001457a 4500 | ||
|---|---|---|---|
| 999 |
_c130410 _d130410 |
||
| 008 | 200317b ||||| |||| 00| 0 eng d | ||
| 020 | _a9780991311293 | ||
| 050 |
_aBX3756.S5 _bC433 |
||
| 100 |
_aChadwick, Hubert _949674 |
||
| 245 |
_aLife of the venerable Goncalo da Silveira of the society of Jesus _bpioneer missionary and photo-martyr of Southern Africa _cHubert Chadwick |
||
| 260 |
_aNew York _bDolorosa Press _c2018 |
||
| 300 |
_ax, 117p. ; _c15cm. |
||
| 600 |
_aSilveira, Goncalo da _949672 |
||
| 942 |
_2lcc _cMONOGRAPH |
||